Sud e magia /

Guardado en:
Detalles Bibliográficos
Autor principal: Martino, Ernesto de (autor)
Formato: Libro
Idioma:Italiano
Publicado: Milán, Italia : Feltrinelli, 1980, c1980
Edición:9a edición
Colección:(SC/10 ; 6)
Temas:
Etiquetas: Agrega una etiqueta
Sin etiquetas, Sé el primero en etiquetar este registro!

MARC

LEADER 00000nam^a2200000^a^4500
001 000330434
005 20250521000000.0
009 20260310114005.553
037 |a Acervo Xavier Clavigero 
041 |a ITA 
082 |a 306. 40945  |b MAR 
100 |a Martino, Ernesto de  |e (autor) 
245 1 0 |a Sud e magia /  |c E. de Martino. 
250 |a 9a edición 
264 4 |a Milán, Italia :  |b Feltrinelli,  |c 1980, c1980 
300 |a 153p. 
336 |a texto  |b txt  |2 rdacontenido 
337 |a sin mediación  |b n  |2 rdamedio 
338 |a volumen  |b nc  |2 rdasoporte 
440 1 |a (SC/10 ;  |v 6) 
649 |a XX 
650 |a Magia -  |z Basilicata, Italia -  |x Tema Principal 
650 |a Racionalismo -  |z Basilicata, Italia 
650 |a Folklore -  |z Basilicata, Italia 
650 |a Prácticas Culturales-  |z Basilicata, Italia 
650 |a Sociología de la Religión 
650 |a Sociología de la Cultura 
650 |a Basilicata, Italia -  |x Condiciones Sociales y Culturales 
910 |a Fondo General 
920 |a Impresos - Libros 
930 |a Colección General 
905 |a 101 
901 |a 0500219859  |b IT1  |c ACC  |u 20250521 
902 |a https://opac.biblio.iteso.mx/vufind/Record/000330434